<?xml version="1.0" encoding="UTF-8"?>
<record
    xmlns:xsi="http://www.w3.org/2001/XMLSchema-instance"
    xsi:schemaLocation="http://www.loc.gov/MARC21/slim http://www.loc.gov/standards/marcxml/schema/MARC21slim.xsd"
    xmlns="http://www.loc.gov/MARC21/slim">

  <leader>02384nam a2200301 i 4500</leader>
  <controlfield tag="001">000010809</controlfield>
  <controlfield tag="003">DO-SdBNP</controlfield>
  <controlfield tag="005">20240305081128.0</controlfield>
  <controlfield tag="007">ta</controlfield>
  <controlfield tag="008">091012e2001    dr acg fr     001 mdspa d</controlfield>
  <datafield tag="020" ind1=" " ind2=" ">
    <subfield code="a">9993402168</subfield>
  </datafield>
  <datafield tag="040" ind1=" " ind2=" ">
    <subfield code="a">DO-SdBNP</subfield>
    <subfield code="b">spa</subfield>
    <subfield code="c">BNPHU</subfield>
    <subfield code="e">rda</subfield>
  </datafield>
  <datafield tag="082" ind1=" " ind2="4">
    <subfield code="a">781.628</subfield>
    <subfield code="b">H731c</subfield>
    <subfield code="2">22</subfield>
  </datafield>
  <datafield tag="100" ind1="1" ind2=" ">
    <subfield code="a">Holgu&#xED;n Veras, Miguel A.,</subfield>
    <subfield code="d">1927-2007</subfield>
    <subfield code="9">13921</subfield>
  </datafield>
  <datafield tag="245" ind1="1" ind2="0">
    <subfield code="a">Canciones antiguas dominicanas :</subfield>
    <subfield code="b">an&#xE1;lisis acerca de su autor&#xED;a /</subfield>
    <subfield code="c">Miguel Holgu&#xED;n Veras ; introducci&#xF3;n, Ar&#xED;stides Inch&#xE1;utegui.</subfield>
  </datafield>
  <datafield tag="264" ind1=" " ind2=" ">
    <subfield code="a">Santo Domingo :</subfield>
    <subfield code="b">Acad&#xE9;mia de Ciencias de la Rep&#xFA;blica Dominicana,</subfield>
    <subfield code="c">2001.</subfield>
  </datafield>
  <datafield tag="300" ind1=" " ind2=" ">
    <subfield code="a">174 p&#xE1;ginas :</subfield>
    <subfield code="b">ilustraciones, retratos y m&#xFA;sica ;</subfield>
    <subfield code="c">28 cm.</subfield>
  </datafield>
  <datafield tag="336" ind1=" " ind2=" ">
    <subfield code="2">rdacontent</subfield>
    <subfield code="a">texto</subfield>
    <subfield code="b">txt</subfield>
  </datafield>
  <datafield tag="337" ind1=" " ind2=" ">
    <subfield code="2">rdamedia</subfield>
    <subfield code="a">sin mediaci&#xF3;n</subfield>
    <subfield code="b">n</subfield>
  </datafield>
  <datafield tag="338" ind1=" " ind2=" ">
    <subfield code="2">rdacarrier</subfield>
    <subfield code="a">volumen</subfield>
    <subfield code="b">nc</subfield>
  </datafield>
  <datafield tag="500" ind1=" " ind2=" ">
    <subfield code="a">Incluye datos biogr&#xE1;ficos del autor en la solapa de la cubierta.</subfield>
  </datafield>
  <datafield tag="505" ind1=" " ind2=" ">
    <subfield code="a">Agradecimiento.-- Palabras Introductoria.-- Presentaci&#xF3;n.</subfield>
    <subfield code="t">"En el Fondo del Mar".-- "Serenata".-- "Incertidumbre".-- "Renunciaci&#xF3;n".-- "Imposible".-- "Desesperanza".-- "Anhelos".-- "Ella es as&#xED;".-- "Trigue&#xF1;a".-- "Mis deleites".-- "Ven a m&#xED;".-- "Ante una tumba".-- Estrella m&#xED;a".-- "Para t&#xED;".-- "El silfo".-- "Dile as&#xED;".--- "Visi&#xF3;n".-- "Persuasi&#xF3;n".-- "Resignaci&#xF3;n".-- "Dime".-- "Tus cabellos".-- "En tu natalicio".-- "Necesito olvidar".-- "Perfidia".-- "Desesperaci&#xF3;n".-- "No s&#xE9;".-- Bucolia.-- "Invitaci&#xF3;n".-- "En el silencio de la noche".-- La voz de mi dolor".-- </subfield>
    <subfield code="t">"A Juanita".-- "La Paloma Blanca".-- "Nunca".-- "Esperanzas".-- "Adoraci&#xF3;n".-- "Cruel destino".-- "Del pensil indiano.".-- "As&#xED; es mi amor".-- "De claveles y jazmines".-- "Anhelando".-- "Nadie sabe".-- "Mi bien querido".-- "D&#xE9;jame volver al nido".-- "Sin igual".-- "Ilusiones perdidas".-- "Ya soy feliz."-- "La flor que cogiste".-- "Piedad".-- "Flor entre flores".-- "Arroyuelo cristalino".-- Ap&#xE9;ndice".--  Biograf&#xED;as.-- Canciones en el &#xE1;lbum.-- Autores de textos, en orden alfab&#xE9;tico.-- Cuadro de Compositores y/o autores de la canciones incluidas en el estudio, con menci&#xF3;n del n&#xFA;mero de composici&#xF3;n de cuya autor&#xED;a participa.-- Bibliograf&#xED;a m&#xED;nima.</subfield>
  </datafield>
  <datafield tag="590" ind1=" " ind2=" ">
    <subfield code="a">Inventariado 2023 / MF</subfield>
  </datafield>
  <datafield tag="650" ind1=" " ind2="4">
    <subfield code="a">Canciones folcl&#xF3;ricas dominicanas</subfield>
    <subfield code="x">Historia y cr&#xED;tica</subfield>
    <subfield code="9">26118</subfield>
  </datafield>
  <datafield tag="700" ind1=" " ind2=" ">
    <subfield code="a">Inch&#xE1;utegui, Ar&#xED;stides,</subfield>
    <subfield code="d">1938-</subfield>
    <subfield code="9">26119</subfield>
    <subfield code="e">introducci&#xF3;n</subfield>
  </datafield>
  <datafield tag="910" ind1=" " ind2=" ">
    <subfield code="a">Btav&#xE1;rez</subfield>
  </datafield>
  <datafield tag="942" ind1=" " ind2=" ">
    <subfield code="2">ddc</subfield>
    <subfield code="c">LBS1</subfield>
  </datafield>
  <datafield tag="952" ind1=" " ind2=" ">
    <subfield code="0">0</subfield>
    <subfield code="1">0</subfield>
    <subfield code="2">ddc</subfield>
    <subfield code="5">1</subfield>
    <subfield code="7">0</subfield>
    <subfield code="8">PD</subfield>
    <subfield code="a">BNPHU</subfield>
    <subfield code="b">BNPHU</subfield>
    <subfield code="c">CT</subfield>
    <subfield code="d">2009-10-12</subfield>
    <subfield code="e">Compra</subfield>
    <subfield code="o">BNPHU PD 781.628 H731c</subfield>
    <subfield code="p">10809-10</subfield>
    <subfield code="r">2020-06-25</subfield>
    <subfield code="w">2020-06-25</subfield>
    <subfield code="y">LBS1</subfield>
  </datafield>
  <datafield tag="952" ind1=" " ind2=" ">
    <subfield code="0">0</subfield>
    <subfield code="1">0</subfield>
    <subfield code="2">ddc</subfield>
    <subfield code="5">1</subfield>
    <subfield code="7">0</subfield>
    <subfield code="8">PD</subfield>
    <subfield code="a">BNPHU</subfield>
    <subfield code="b">BNPHU</subfield>
    <subfield code="c">CT</subfield>
    <subfield code="d">2020-06-22</subfield>
    <subfield code="e">Donaci&#xF3;n</subfield>
    <subfield code="o">BNPHU PD 781.628 H731c</subfield>
    <subfield code="p">2023-0384</subfield>
    <subfield code="r">2023-01-24</subfield>
    <subfield code="t">e.2</subfield>
    <subfield code="w">2023-01-24</subfield>
    <subfield code="y">LBS1</subfield>
    <subfield code="z">Donado por lafamilia de Lebr&#xF3;n Savi&#xF1;&#xF3;n.</subfield>
  </datafield>
  <datafield tag="952" ind1=" " ind2=" ">
    <subfield code="0">0</subfield>
    <subfield code="1">0</subfield>
    <subfield code="2">ddc</subfield>
    <subfield code="5">6</subfield>
    <subfield code="7">0</subfield>
    <subfield code="8">DS</subfield>
    <subfield code="a">BNPHU</subfield>
    <subfield code="b">BNPHU</subfield>
    <subfield code="c">CT</subfield>
    <subfield code="d">2023-05-17</subfield>
    <subfield code="e">Donaci&#xF3;n</subfield>
    <subfield code="l">0</subfield>
    <subfield code="o">BNPHU DS 781.628 H731c</subfield>
    <subfield code="p">2023-1958</subfield>
    <subfield code="r">2023-05-17</subfield>
    <subfield code="t">e.3</subfield>
    <subfield code="w">2023-05-17</subfield>
    <subfield code="y">LBS1</subfield>
    <subfield code="z">Donado a la biblioteca por la familia Lebr&#xF3;n Savi&#xF1;&#xF3;n</subfield>
  </datafield>
  <datafield tag="952" ind1=" " ind2=" ">
    <subfield code="0">0</subfield>
    <subfield code="1">0</subfield>
    <subfield code="2">ddc</subfield>
    <subfield code="5">6</subfield>
    <subfield code="7">0</subfield>
    <subfield code="8">DS</subfield>
    <subfield code="a">BNPHU</subfield>
    <subfield code="b">BNPHU</subfield>
    <subfield code="c">MI</subfield>
    <subfield code="d">2023-05-17</subfield>
    <subfield code="o">BNPHU DS 781.628 H731c</subfield>
    <subfield code="p">2023-1959</subfield>
    <subfield code="r">2023-05-17</subfield>
    <subfield code="t">e.4</subfield>
    <subfield code="w">2023-05-17</subfield>
    <subfield code="y">LBS1</subfield>
  </datafield>
  <datafield tag="999" ind1=" " ind2=" ">
    <subfield code="c">10558</subfield>
    <subfield code="d">10558</subfield>
  </datafield>
</record>
